Danny Elfman Filmography - Statistics

General Stats
  • This quiz has been taken 65 times
    27 since last reset
  • The average score is 25 of 159
Answer Stats
Year Movie % Correct
1989 Batman
90%
1992 Batman Returns
90%
1988 Beetlejuice
90%
2024 Beetlejuice 2
90%
2005 Charlie and the Chocolate Factory
81%
1993 The Nightmare Before Christmas
81%
2005 Corpse Bride
71%
2002 Spider-Man
71%
2004 Spider-Man 2
71%
2007 Spider-Man 3
71%
1990 Edward Scissorhands
67%
2021 Spider-Man: No Way Home
62%
2010 Alice in Wonderland
57%
2016 Alice Through the Looking Glass
57%
1988 Big Top Pee-wee
57%
1985 Pee-wee's Big Adventure
57%
1996 Mars Attacks!
48%
2001 Planet of the Apes
48%
1999 Sleepy Hollow
48%
2002 Men in Black 2
43%
2012 Men in Black 3
43%
2019 Men in Black: International
43%
2015 Avengers: Age of Ultron
38%
1997 Men in Black
38%
2014 Big Eyes
33%
2003 Big Fish
33%
2022 Doctor Strange in the Multiverse of Madness
33%
2019 Dumbo
33%
2017 Justice League
33%
2012 Frankenweenie
24%
1986 Back to School
19%
2012 Dark Shadows
19%
2015 Goosebumps
19%
2013 Oz the Great and Powerful
19%
1990 Dick Tracy
14%
2015 Fifty Shades of Grey
14%
2012 Hitchcock
14%
2003 Hulk
14%
2007 Meet the Robinsons
14%
1996 Mission Impossible
14%
2009 Terminator: Salvation
14%
2023 The Flash
14%
1992 The Flash III: Deadly Nightshade
14%
2007 The Kingdom
14%
2007 The Simpsons Movie
14%
1985 Weird Science
14%
2009 9
10%
1998 A Civil Action
10%
2013 American Hustle
10%
1992 Article 99
10%
1998 A Simple Plan
10%
2016 Before I Wake
10%
1994 Black Beauty
10%
2006 Charlotte's Web
10%
2002 Chicago
10%
2009 Coraline
10%
1990 Darkman
10%
1995 Dead Presidents
10%
2013 Epic
10%
1996 Extreme Measures
10%
2017 Fifty Shades Darker
10%
2018 Fifty Shades Freed
10%
1997 Flubber
10%
1980 Forbidden Zone
10%
TBD Forbidden Zone 2:
10%
1996 Freeway
10%
1997 Good Will Hunting
10%
1988 Hot to Trot
10%
1999 Instinct
10%
1988 Midnight Run
10%
2008 Milk
10%
2014 Mr. Peabody and Sherman
10%
2006 Nacho Libre
10%
1990 Nightbreed
10%
2009 Notorious
10%
2012 Promised Land
10%
2000 Proof of Life
10%
2011 Real Steel
10%
2011 Restless
10%
1988 Scrooged
10%
2012 Silver Linings Playbook
10%
1993 Sommersby
10%
2001 Spy Kids
10%
2009 Taking Woodstock
10%
2017 The Circle
10%
2015 The End of the Tour
10%
2000 The Family Man
10%
1996 The Frighteners
10%
2016 The Girl on the Train
10%
2018 The Grinch
10%
2010 The Next Three Days
10%
2010 The Wolfman
10%
2021 The Woman in the Window
10%
1995 To Die For
10%
2017 Tulip Fever
10%
2008 Wanted
10%
1986 Wisdom
10%
2019 Aliens, Clowns and Geeks
5%
1999 Anywhere But Here
5%
1992 Army of Darkness
5%
1984 Bachelor Party
5%
2020 Dolittle
5%
1995 Dolores Claiborne
5%
2018 Don't Worry, He Won't Get Far on Foot
5%
2001 Heartbreakers
5%
1999 My Favorite Martian
5%
1998 Psycho
5%
1991 Pure Luck
5%
2002 Red Dragon
5%
1997 Scream 2
5%
2021 Space Jam: A New Legacy
5%
1987 Summer School
5%
2000 The Gift
5%
2019 The Lego Movie 2: The Second Part
5%
2022 White Noise
5%
2023 65
0%
2015 Alvin and the Chipmunks: The Road Chip
0%
1986 Amazing Stories
0%
2012 Any Questions for Ben?
0%
1984 Beverly Hills Cop
0%
2023 Bloody Bridget
0%
TBD Bloody Bridget 2
0%
2018 Bumblebee
0%
2013 Chinese Puzzle
0%
2011 Daisy, a Hen Into the Wild
0%
2022 DC League of Super Pets
0%
2001 Donnie Darko
0%
2011 Do Not Disturb
0%
1987 Down Twisted
0%
1997 Eight Days a Week
0%
1982 Fast Times at Ridgemont High
0%
1997 For Richer or Poorer
0%
1989 Ghostbusters II
0%
2022 Glass Onion: A Knives Out Mystery
0%
1997 Home Alone 3
0%
1977 Hot Tomorrows
0%
1977 I Never Promised You a Rose Garden
0%
TBD Ken and Barbie
0%
2024 Khodzha Nasreddin
0%
1981 Longshot
0%
2006 Monster House
0%
1999 Never Been Kissed
0%
2022 Next Exit
0%
2007 Paranoid Park
0%
2011 Rango
0%
1989 She's Out of Control
0%
1994 Shrunken Heads
0%
1984 Sixteen Candles
0%
2004 Sleepover
0%
1986 Something Wild
0%
1983 Surf II
0%
2018 Teen Titans GO! To the Movies
0%
1987 Teen Wolf Too
0%
2006 The Benchwarmers
0%
2016 The Great Everything and the Nothing
0%
1995 The Immortals
0%
2003 The In-Laws
0%
1982 The Last American Virgin
0%
2017 XX
0%
No matching quizzes found
Score Distribution
Percent of People with Each Score
Percentile by Number Answered
Your Score History
You have not taken this quiz since the last reset